000 00809nam a2200265Ia 4500
001 Para_4075
003 CHAP
008 220125s1944 xx 000 0 und d
010 _a202545
040 _cCHAP
090 _aPA FOLLETO 1483
100 _aFilho, José Oiticica
_940865
245 _aNota sobre Dysdaemonia timur Weymer (ms.) in Fassi, 1915 (Lepidòptera, Arsenurinae) /
_c Josè Oiticica Filho
260 _aRio de Janeiro, Brasil :
_b Ministerio da Educacao e Saúde
300 _a12 p.
440 _aBoletín do Museu Nacional; 14
_9167808
650 _aDysdaemonia Lepidópteros
_9167809
901 _aPA FOLLETO 1483
902 _aA
905 _a0000001944 RIO 0000000000 00
910 _a1944
942 _cPARA
942 _cPARA
_d1
999 _c202545
_d202545